Vplyv horninového prostredia na deformácie nadložia pri tunelovaní

Saved in:
Bibliographic Details
Main Author: Barczi, Peter, 1987- (Author)
Other Authors: Chabroňová, Jana, 1959- (Thesis advisor)
Format: Manuscript Book
Language:Slovak
Published: Bratislava : STU v Bratislave SvF, 2012
Subjects:
Online Access:VAIS
Tags: Add Tag
No Tags, Be the first to tag this record!

MARC

LEADER 00000ntm a22000003a 4500
001 stu251970
005 20160721135618.6
008 120720s2012----xo------------------slo-d
040 |a STU  |b slo 
041 0 |a slo 
044 |a xo 
100 1 |a Barczi, Peter,  |d 1987-  |4 aut  |X 39625  |7 A000039625 
242 0 0 |a The impact of ground settlement in surface by tunneling  |y eng 
245 1 |a Vplyv horninového prostredia na deformácie nadložia pri tunelovaní 
260 |a Bratislava :  |b STU v Bratislave SvF,  |c 2012 
650 7 |a inžinierske konštrukcie a dopravné stavby  |2 stusub 
650 7 |a Structural and Transportation Engineering  |2 estusub 
700 1 |a Chabroňová, Jana,  |d 1959-  |4 ths  |u V150  |U SvF Stavebná fakulta  |T SvF Katedra geotechniky  |X 868  |U V150  |Y 15  |7 A000000868 
856 4 |a info a plný text  |u http://is.stuba.sk/zp/portal_zp.pl?podrobnosti=81162  |3 VAIS